000 00790nam a2200241Ia 4500
003 OSt
005 20220930082129.0
006 a|||||r|||| 00| 0
007 ta
008 220926b |||||||| |||| 00| 0 eng d
024 _a118133
037 _cTheses
040 _aCRL
_cCRL
_beng
041 _2eng
_aeng
100 _aGarg Aashima
_9542932
110 _aUniversity of Delhi. Faculty of Science. Department of Home Science
245 0 _aCommunity-based nutrition counseling approach for improving the complementary feeding practices of infants (6-12 months) in rural Uttar Pradesh
260 _c2011
650 _aHOME ECONOMICS
700 _aUniversity of Delhi. Faculty of Science. Department of Home Science
942 _cDIS
_2CC
999 _c872556
_d872556